LIBRARY & INFORMATION CENTRE, KCAET, TAVANUR

ONLINE PUBLIC ACCESS CATALOGUE (OPAC)

Introduction to spices,plantation crops, medicinal and aromatic plants / (Record no. 1296)

MARC details
000 -LEADER
fixed length control field 00445cam a2200157ua 4500
020 ## - INTERNATIONAL STANDARD BOOK NUMBER
ISBN 9788120416468
082 ## - DEWEY DECIMAL CLASSIFICATION NUMBER
Classification number 633.8
Item number KUM/IN
100 ## - MAIN ENTRY--AUTHOR NAME
Personal name Kumar, N .
245 ## - TITLE STATEMENT
Title Introduction to spices,plantation crops, medicinal and aromatic plants /
260 ## - PUBLICATION, DISTRIBUTION, ETC. (IMPRINT)
Place of publication New Delhi :
Name of publisher Oxford & IBH Publishing company ,
Year of publication 1997.
300 ## - PHYSICAL DESCRIPTION
Number of Pages 156 ; .
700 1# - ADDED ENTRY--PERSONAL NAME
Personal name Abdul khader, .
700 1# - ADDED ENTRY--PERSONAL NAME
Personal name Irulappan, I .
700 1# - ADDED ENTRY--PERSONAL NAME
Personal name Rangaswami, P .
942 ## - ADDED ENTRY ELEMENTS (KOHA)
Koha item type Books
Holdings
Withdrawn status Lost status Damaged status Home library Current library Date acquired Full call number Accession Number Koha item type Collection code Shelving location Source of acquisition Cost, normal purchase price
      KAUAET KAUAET 07/04/2012 633.8 20033 Books        
      KAUAET KAUAET 31/03/2012 633.8 KUM/IN 23117 Books Non-fiction General Stacks Dreamtech, Tvpm 320.00
free website counter